000 00489nam a2200181Ia 4500
008 230524s9999 xx 000 0 und d
020 _a9788177584813
082 _a4.16
_bTRI
100 _aWalter A.Triebel
245 0 _a"The 8088 and 8086 Microprocessors: Programming, Interfacing,Software,Hardware.."
250 _a4TH
260 _aNEW DELHI
_bPearson
_c2009
300 _aXX;843
500 _aQuantity Number: 125
650 _aComp-Sc
700 _a Avtar Singh
942 _cBK
999 _c46889
_d46889